000 01723cab a2200253 4500
001 ABS60210
008 090401t1999 xxu||||| |||| 00| 0 eng d
035 _a(Sirsi) u91841
041 _aeng
245 _aRegina v North Yorkshire County Council, "Ex parte" Brown and another
260 _c1999
350 _a0
490 _aWeekly Law Reports
_v[1999] 08 W.L.R. 452-459(4)
520 _aHL 11 February 1999. In 1992, owners of a quarry operating under planning permission granted under the Town & Country Planning Act 1947 s.77, applied to the local mining planning authority to register the permission, under s.22 of the Planning & Compensation Act 1991. The permission was registered, and conditions were determined. Local residents applied for review of the decision, as no environmental impact assessment had been carried out under Council Directive 85/337/EEC, which requires an assessment before consent was given on projects liable to have effects on the environment. The application was dismissed, due to the permission having been granted in 1947. The Court of Appeal reversed the decision. "Held". The appeal was dismissed as Directive 85/337/EEC does not apply to decisions where the principal decision has been made. The authority would be required to apply the necessary criteria under article 4.2 of the Directive to decide whether to carry out an assessment on the quarr
650 _aCOUNCIL DIRECTIVES
650 _aENVIRONMENTAL ASSESSMENT
650 _aJUDICIAL REVIEW
650 _aOLD MINING PERMISSIONS
650 _aPLANNING AND COMPENSATION ACT 1991
650 _aTOWN AND COUNTRY PLANNING ACT 1947
690 _aMINING AND MINERALS-CASE LAW
942 _n0
948 _c08/03/1999
999 _c58272
_d58272